Normal view
MARC view
Entry Topical Term
001 - CONTROL NUMBER
- control field: 8495
003 - CONTROL NUMBER IDENTIFIER
- control field: dpl
005 - DATE AND TIME OF LATEST TRANSACTION
- control field: 20100807134833.0
008 - FIXED-LENGTH DATA ELEMENTS
- fixed length control field: 100807|||a|||||| | ||| d
040 ## - CATALOGING SOURCE
- Original cataloging agency: dpl
- Transcribing agency: dpl
150 ## - HEADING--TOPICAL TERM
- Topical term or geographic name as entry element: English
670 ## - SOURCE DATA FOUND
- Source citation: Work cat.: (dpl)39416: Sudhagaran, B. 8494, Common errors in english /
670 ## - SOURCE DATA FOUND
- Source citation: Work cat.: (dpl)39416: Sudhagaran, B. 8494, Common errors in english /
